| 000 | 00759cam a2200241 a 4500 | ||
|---|---|---|---|
| 001 | 000010101 | ||
| 005 | 20200929161838.0 | ||
| 008 | 040303s2001 pr a 001 d spa | ||
| 020 | _a1563281937 | ||
| 082 |
_aPR862.44 _bC335v |
||
| 100 | 1 |
_aCasas, Myrna, _d1934- _925087 |
|
| 245 | 1 | 0 |
_aVoces / _cMyrna Casas. |
| 260 |
_aSan Juan,(Puerto Rico) : _bPlaza Mayor, _c2001. |
||
| 300 |
_a138 p. : _bil. ; _c18 cm. |
||
| 490 | 1 |
_aBiblioteca de autores de Puerto Rico _aTeatro |
|
| 650 | 4 |
_aTeatro puertorriqueño _94514 |
|
| 650 | 4 |
_aLiteratura puertorriqueña _9250 |
|
| 650 | 4 |
_aPersonalidad _xTeatro _925088 |
|
| 830 | 0 |
_aBiblioteca de autores de Puerto Rico ; _pTeatro _925089 |
|
| 910 | _aCatalogación por copia / LC | ||
| 049 | _aBNGR | ||
| 999 |
_c9860 _d9860 |
||
| 040 | _aDO-SdBNP | ||